000 00662nam a2200253Ia 4500
003 OSt
005 20221007111228.0
006 a|||||r|||| 00| 0
007 ta
008 221006b |||||||| |||| 00| 0 eng d
024 _a22,962
037 _cTextual
040 _aLCO
_cLCO
_beng
041 _2eng
_aeng
082 _aZ2,7,11qNO8, P2
100 _aTandon M.P.
_9349121
245 0 _aCivil Procedure Code
250 _a25th
260 _aFaridabad
_bAllahabad Law Agency India
_c2002
300 _avarious
650 _aCIVIL PROCEDURE
_9681550
942 _hZ2,7,11qNO8, P2
_cTEXL
999 _c1192525
_d1192525